000 00496nam a2200181Ia 4500
005 20250508152323.0
008 008 250505s9999 xx 000 0 hin d
037 _aTextual
040 _aFEDL
_beng
_cFEDL
041 _ahin
_2eng
084 _a891.432, THA
_qFEDL
100 _aGupta Omprakash
_9446495
245 0 _aMere natak
260 _aDelhi, India
_bNarayan Dutt Sahgal and Sons
_c1957
300 _a224p.
942 _cTEXL
_h891.432, THA
999 _c1335705
_d1335705